000 00877nam a2200277 i 4500
003 DO-SdBNP
005 20241011104153.0
007 ta
008 241011b2011 dr ||||| |||| 00| 0 spa d
020 _a9789945473278
040 _aDO-SdBNP
_bspa
_cBNPHU
_erda
082 4 _222
100 _aReyes, Ramón Emilio,
_d1937-
_eautor
_4aut.
_955200
245 1 0 _aNarraciones de ahora y de siempre /
_cRamón Emilio Reyes
264 4 _aSanto Domingo :
_bEditora Santuario,
_c2011.
300 _a117 páginas ;
_c23 cm.
336 _atexto
_btxt
_2rdacontent
337 _asin mediación
_bn
_2rdamedia
338 _avolumen
_bnc
_2rdacarrier
500 _aIncluye datos biográficos del autor en la solapa de la cubierta
590 _aInventariado, 2024/BT
650 4 _aCuentos dominicanos
_914827
650 4 _aLiteratura dominicana
910 _aBtavárez
942 _2ddc
_cLBS1
999 _c57828
_d57828